00813nam a2200205 450000500170000001000150001702000270003203500140005903700090007308200150008210000280009724500770012526000370020227001120023930000240035150000310037594200260040699900190043295201560045120241009104816.0 aENG-141990 c2250.00a9789788193205 aEN-125522 bDBAD a709.59321 aRao, Vinay Kumar972489 aBuddhist Sculptural Art of the Lower Krishna valley/cby Vinay Kumar Rao aDelhibAgam Kala Prakashanc2010 a34, Central Market, Ashok ViharbDelhie110052magambook@gmail.comk27212195k47098550lagambooks@gmail.com axii,248p.c28cm(hb) aincludes references index 2ddccENh709.593mRAO c206183d206183 001040708NFICaLbLd2024-10-09eDelivery of Books Act Divisiong2250.00l0o709.593 RAOpEN-125522r2024-10-09 00:00:00t1v2250.00w2024-10-09yEN